000 00637nam a2200217Ii 4500
003 JO-AjNU
008 230606s9999||||xx |||||||||||||| ||und||
020 _a978-0-13-135428-9
040 _aJO-AjNU
_beng
_erda
_cJO-AjNU
041 _aeng
050 1 4 _aQA76.9.D3.G3653.2009
100 3 _aMolina,Hector Garcia/Ullman.Jeffrey,
_eauthor
_9805
245 0 0 _aDATABASE SYSTEMS The Complete Book
250 _a2 ed
264 3 1 _apearson printice hall:upper saddle,2010
300 _a1202p
336 _atext
_btxt
_2rdacontent
337 _aunmediated
_bn
_2rdamedia
338 _avolume
_bnc
_2rdacarrier
650 4 _aDatabase Systems
_9806
999 _aE424
_c424
_d424